Tiempos, lugares y gente 1 : (Record no. 56808)

MARC details
000 -CABECERA
campo de control de longitud fija 00769nam a2200205 a 4500
005 - FECHA Y HORA DE LA ÚLTIMA TRANSACCIÓN
campo de control 20220520063748.0
008 - ELEMENTOS DE LONGITUD FIJA--INFORMACIÓN GENERAL
campo de control de longitud fija 991125s1994 mx 000 0 spa u
020 ## - NÚMERO INTERNACIONAL NORMALIZADO PARA LIBROS
Número Internacional Estándar del Libro 970030616X
035 ## - NÚMERO DE CONTROL DEL SISTEMA
Número de control de sistema UPN01000056808
049 ## - COLECCIÓN
Colección LT
050 #4 - SIGNATURA TOPOGRÁFICA DE LA BIBLIOTECA DEL CONGRESO
Número de clasificación LB1641
Número de documento/Ítem T53 1994
245 00 - MENCIÓN DE TÍTULO
Título Tiempos, lugares y gente 1 :
Resto del título primer curso de historia para educación secundaria /
Mención de responsabilidad, etc. dir. Argentina Perrusquía González.
260 ## - PUBLICACIÓN, DISTRIBUCIÓN, ETC.
Lugar de publicación, distribución, etc. México :
Nombre del editor, distribuidor, etc. Fernández,
Fecha de publicación, distribución, etc. 1994.
300 ## - DESCRIPCIÓN FÍSICA
Extensión 252 p. :
Otras características físicas il. col.
500 ## - NOTA GENERAL
Nota general "De la prehistoria al renacimiento"
500 ## - NOTA GENERAL
Nota general "De acuerdo con el programa para la modernización educativa elaborado por la SEP"
650 #4 - ASIENTO SECUNDARIO DE MATERIA - TERMINO TEMATICO
Término de materia o nombre geográfico como elemento de entrada Historia
Subdivisión general Estudio y enseñanza (Secundaria)
9 (RLIN) 5248
700 1# - ASIENTO SECUNDARIO--NOMBRE DE PERSONAL
Nombre de persona Perrusquía González, Argentina,
Término indicativo de función/relación dir.
9 (RLIN) 29852
905 ## - TIPO DE MATERIAL
Tipo de material Libro
Holdings
Estado de retiro Estado de pérdida Fuente del sistema de clasificación o colocación Estado dañado No para préstamo Código de colección Localización permanente Ubicación/localización actual Ubicación en estantería Fecha de adquisición Clasificación Código de barras Fecha visto por última vez Número de copia Tipo de ítem Koha
    Library of Congress Classification   Disponible (Préstamo en sala) Libros de texto Bib. Gregorio Torres Quintero Bib. Gregorio Torres Quintero Colecciones especiales Planta alta 25/05/2023 LB1641 T53 1994 116595 31/12/2020 1 Libro